000 00319pab a2200145 454500
008 180718b2003 xxu||||| |||| 00| 0 eng d
100 _aTamimi, Azzam S.
245 _aThe renaissance of Islam
260 _c2003
300 _ap.51-58.
362 _aSummer
650 _aIslam
773 _aDaedalus
909 _a57712
999 _c57712
_d57712